=LDR 00000nam 2200000 4500 =001 INLIS000000000034622 =005 20130612140524 =008 ***********************************ind** =035 ##$$0010-061300000034622 =041 ##$$a ind =082 ##$$a 813 =090 ##$$a 813, Sai,p =100 ##$$a Saini K.M =245 ##$$a Pangeran Anggarpati, Saini K.M;Penyunting, Risdianto Imam =260 ##$$a 2008 $b Yogyakarta =300 ##$$a 392 hlm., 2008 =650 ##$$a Fiksi Indonesia =700 ##$$a Risdianto,Imam =850 ##$$a NBPNMAT =990 ##$$a 0001/BPAP-NTB/2016